Central Library OPAC University of Rajshahi

The art and craft of poetry : (Record no. 20862)

MARC details
000 -LEADER
fixed length control field 00707nam a22002292 4500
001 - CONTROL NUMBER
control field 20862
003 - CONTROL NUMBER IDENTIFIER
rucl marc code BD-RjUL
005 - DATE AND TIME OF LATEST TRANSACTION
control field 20211209000624.0
008 - FIXED-LENGTH DATA ELEMENTS--GENERAL INFORMATION
fixed length control field 140302t1966 n 001 0 eng d
035 ## - SYSTEM CONTROL NUMBER
System control number (BD-RjUL)20924
040 ## - CATALOGING SOURCE
Original cataloging agency LQS
Transcribing agency LQS
Modifying agency IOX
-- EQO
-- BD-RjUL
Language of cataloging eng
041 ## - LANGUAGE CODE
Language code of text/sound track or separate title eng
082 04 - DEWEY DECIMAL CLASSIFICATION NUMBER
Classification number 808.1
Author mark and year ZIA 1966
090 ## - LOCALLY ASSIGNED LC-TYPE CALL NUMBER (OCLC); LOCAL CALL NUMBER (OCLC)
Classification number (OCLC) (R) ; Classification number, CALL (RLIN) (NR) PN1042
Local cutter number (OCLC) ; Book number/undivided call number, CALL (RLIN) .Z49 1967
100 1# - MAIN ENTRY--PERSONAL NAME
Personal name Zillman, Lawrence John,
Dates associated with a name 1902-1990.
9 (RLIN) 64436
245 14 - TITLE STATEMENT
Title The art and craft of poetry :
Remainder of title an introduction /
Statement of responsibility, etc. by Lawrence John Zillman.
260 ## - PUBLICATION, DISTRIBUTION, ETC. (IMPRINT)
Place of publication, distribution, etc. New York :
Name of publisher, distributor, etc. Collier Books,
Date of publication, distribution, etc. c1966.
300 ## - PHYSICAL DESCRIPTION
Pagination ix, 274 p. :
Illustrations ill. ;
Size 20 cm.
504 ## - BIBLIOGRAPHY, ETC. NOTE
Bibliography, etc includes Bibliographical reference and index.
650 #0 - SUBJECT ADDED ENTRY--TOPICAL TERM
Topical term or geographic name as entry element Poetics.
9 (RLIN) 64437
942 ## - ADDED ENTRY ELEMENTS (KOHA)
Source of classification or shelving scheme Dewey Decimal Classification
Koha item type Books
Holdings
Lost status Source of classification or shelving scheme Damaged status Not for loan Collection code Permanent Location Current Location Shelving location Date acquired Source of acquisition Cost, normal purchase price Total Checkouts Full call number Date last seen Copy number Koha item type
  Dewey Decimal Classification   Added to bundle Fiction Central Library, University of Rajshahi Central Library, University of Rajshahi Reading Room 04/07/1968 Book centre lahor 34.75   808.1 ZIA 1966 02/03/2014 C-1 Books